| 000 | 00666nam a22002057a 4500 | ||
|---|---|---|---|
| 005 | 20251108172903.0 | ||
| 008 | 250721s2002 xx 000 0 ara d | ||
| 082 | 1 | 4 | _a347.04/غيث |
| 100 | 1 | _aغيث، عزت | |
| 245 | 1 | 0 | _aقانون أصول المحاكمات الشرعية / |
| 264 | 1 |
_aعمان : _bدار قنديل للنشر و التوزيع، _c2002. |
|
| 300 | _a62 ص | ||
| 490 | 0 |
_aسلسلة التشريعات القضائية _v17 |
|
| 650 | 1 | 7 | _aالقانون المدني |
| 650 | 1 | 7 | _aتاريخ الأردن |
| 650 | 1 | 7 | _aالمحاكم الشرعية |
| 650 | 1 | 7 | _aالفقه الإسلامي |
| 942 |
_2ddc _cBK |
||
| 999 |
_c90944 _d90944 |
||